|
|
|
|
| LEADER |
00000nab a22000001a 4500 |
| 001 |
vtls010304995 |
| 003 |
SK-MaSNL |
| 005 |
20260305021503.0 |
| 008 |
110823d19350808xo |r|p|||| |000 b|slo |
| 015 |
|
|
|a SNBRRBVU1918-1938
|
| 038 |
|
|
|a SNKBUCL
|
| 038 |
|
|
|a SNKBUVU
|
| 040 |
|
|
|a SNKBUVU
|b slo
|c SNKBUCL
|e AACR2
|
| 041 |
0 |
|
|a slo
|
| 044 |
|
|
|a xo
|c SK
|
| 080 |
|
|
|a 929 Štefánik, Milan Rastislav
|2 1977
|
| 080 |
|
|
|a 725.94
|2 1997
|
| 245 |
0 |
0 |
|a Spišské Vlachy chcú postaviť pomník gen. Štefánika
|
| 500 |
|
|
|a V rubrike Chýrnik
|
| 520 |
|
|
|a Správa o uznesení 44. zboru Slovenskej ligy v Spišských Vlachoch uskutočniť zbierku na postavenie pomníka s poznámkou, že v obci žila sestra M. R. Štefánika, s ktorou si dopisoval a obec aj dvakrát navštívil
|
| 600 |
1 |
7 |
|a Štefánik, Milan Rastislav,
|d 1880-1919
|2 MM
|9 86219
|
| 650 |
0 |
7 |
|a sochy
|2 snkbucl
|9 29846
|
| 650 |
0 |
7 |
|a pomníky
|2 MM
|9 3013
|
| 651 |
|
7 |
|a Spišské Vlachy (Slovensko)
|2 MM
|9 30828
|
| 773 |
0 |
|
|t Slovenský týždenník
|g Roč. 32, č. 32 (8.8.1935), s. 6
|
| 852 |
|
|
|a SNK
|b KIS3GCP
|
| 910 |
|
|
|a snkrbvumm
|
| 958 |
|
|
|a VY
|
| 999 |
|
|
|c 3286313
|d 3288243
|